000 00716nam a2200289Ia 4500
005 20260324124848.0
008 008 260324s9999 xx 000 0 eng d
020 _a9780203832974
037 _aEBOOK
040 _aCRL
040 _beng
040 _cCRL
041 _2eng
041 _aeng
084 _qCRL
100 _aFergus McNeill; Peter Raynor; Chris Trotter
_91175778
245 0 _aOffender Supervision
245 0 _bNew Directions in Theory, Research and Practice
260 _bTaylor and Francis
260 _c2010
365 _a
365 _b265
856 _uhttp://www.taylorfrancis.com/books/9780203832974
942 _cEBOOK
999 _c1770540
_d1770540